Facultad de Derecho – Universidad Nacional de Mar del Plata

Norberto Bobbio y La Argenitina. Los Desafìos Institucionales de la Democracia Integral (Record no. 4025)

MARC details
000 -CABECERA
campo de control de longitud fija 01122nam a22003137a 4500
020 ## - NUMERO INTERNACIONAL NORMALIZADO PARA LIBROS (ISBN)
International Standard Book Number 9870309577
080 ## - NUMERO DE CLASIFICACION DECIMAL UNIVERSAL (CDU)
Número de la Clasificación Decimal Universal 342.34+ 342.72/ 73 N 75
245 ## - MENCION DE TITULO
Título propiamente dicho Norberto Bobbio y La Argenitina. Los Desafìos Institucionales de la Democracia Integral
260 ## - PUBLICACION, DISTRIBUCION, ETC. (PIE DE IMPRENTA)
Lugar de publicación, distribución, etc. Buenos Aires
Nombre del editor, distribuidor, etc. La Ley: Facultad de Derecho U B A., Ministerio de educaciòn, Ciencia y Tecnologìa de la Naciòn Argentina, Organizacion de las Naciones Unidas para la educaciòn, la Ciencia y la Cultura
Fecha de publicación, distribución, etc. 2006
300 ## - DESCRIPCION FISICA
Extensión 192 P.
Dimensiones 24 X 17 Cm.
650 ## - ASIENTO SECUNDARIO DE MATERIA - TERMINO TEMATICO
Subdivisión general derechos humanos
650 ## - ASIENTO SECUNDARIO DE MATERIA - TERMINO TEMATICO
Subdivisión general teorìa del derecho
650 ## - ASIENTO SECUNDARIO DE MATERIA - TERMINO TEMATICO
Subdivisión general Norberto Bobbio
650 ## - ASIENTO SECUNDARIO DE MATERIA - TERMINO TEMATICO
Subdivisión general filosofìa del derecho
700 ## - ASIENTO SECUNDARIO - NOMBRE PERSONAL
Nombre personal Alterini, Atilio A.
700 ## - ASIENTO SECUNDARIO - NOMBRE PERSONAL
Nombre personal Alfonsìn, Raùl Ricardo
700 ## - ASIENTO SECUNDARIO - NOMBRE PERSONAL
Nombre personal Vallone, Miguel Gabriel
700 ## - ASIENTO SECUNDARIO - NOMBRE PERSONAL
Nombre personal Bovero, Michelàngelo
700 ## - ASIENTO SECUNDARIO - NOMBRE PERSONAL
Nombre personal Dotti, Jorge Eugenio
700 ## - ASIENTO SECUNDARIO - NOMBRE PERSONAL
Nombre personal Ciuro Caldani, Miguel ângel
700 ## - ASIENTO SECUNDARIO - NOMBRE PERSONAL
Nombre personal Portantiero, Juan Carlos
700 ## - ASIENTO SECUNDARIO - NOMBRE PERSONAL
Nombre personal Zaffaroni, Eugenio Raùl
700 ## - ASIENTO SECUNDARIO - NOMBRE PERSONAL
Nombre personal Lafer, Celso
700 ## - ASIENTO SECUNDARIO - NOMBRE PERSONAL
Nombre personal Despouy, leandro
700 ## - ASIENTO SECUNDARIO - NOMBRE PERSONAL
Nombre personal Strasse, Carlos
700 ## - ASIENTO SECUNDARIO - NOMBRE PERSONAL
Nombre personal Greppi, Andrea
942 ## - ELEMENTOS AGREGADOS (KOHA)
Clasificación normalizada de Koha para alfabetizar _
945 ## - INFORMACION DE PROCESAMIENTO LOCAL
Responsable de carga/modificación Celeste Delía
AAAA-MM-DD - Fecha de ingreso/modificación 2015-06-15

No items available.


XHTML | CSS | ©Biblioteca Central - Dto. Tecnología de la Información - [ Con tecnología Koha ]